Daňová disciplína subjektov a jej vplyv na efektívny výber daní diplomová práca

Salvato in:
Dettagli Bibliografici
Autore principale: Janošková, Katarína
Ente Autore: Národohospodárska fakulta EU. Katedra financií
Altri autori: Schultzová, Anna
Natura: Libro
Lingua:slovacco
Pubblicazione: Bratislava 2018
Tags: Aggiungi Tag
Nessun Tag, puoi essere il primo ad aggiungerne!!

MARC

LEADER 00000nbm a2200000 4500
001 0244360
005 20211126120444.4
041 0 |a slo 
044 |a SK 
245 1 0 |a Daňová disciplína subjektov a jej vplyv na efektívny výber daní  |b diplomová práca  |c Katarína Janošková ; školiteľ: Anna Schultzová 
264 1 |a Bratislava  |c 2018 
300 |a 67 s. 
100 1 |a Janošková, Katarína 
700 1 |a Schultzová, Anna 
710 2 |a Národohospodárska fakulta EU. Katedra financií